000 00967nam a2200313 a 4500
001 vtls000194712
003 NLI
005 20210602113228.0
008 101125s1962 nju 001 0 eng
020 _cUSD 05.95
039 9 _y201011252315
_zVLOAD
040 0 _aNLI
_beng
_cDatasoft 1
_eAACR2
041 0 _aeng
044 _anju
082 0 4 _a333.332
100 1 _aArnold, Ray H.
_9375678
245 1 0 _aHow to estimate market value in selling real estate /
_cRay H. Arnold
260 _aEnglewood Cliffs, N.J. :
_bPrentice-Hall,
_cc1962
300 _a250 p. ;
_c24 cm.
500 _aIncludes index
650 0 _aReal property
_xValuation
650 0 _aReal estate business
887 _a
901 _a373115
_b23.02.1965
902 _aE 333.332 Ar 65
942 _2ddc
_cBKS
949 _AVIRTUAITEM
_D10000
_X100
_6PUR000373115ENG
999 _aVIRTUA40
_c201230
_d201230
999 _aVTLSSORT0080*0200*0400*0410*0440*0820*1000*2450*2600*3000*5000*6500*6501*9010*9020*9490*9991